000 00337nam a22001337a 4500
020 _a9781412911139
082 _a001.420 285 467 8 ODO
100 _aDochartaigh O.Niall
245 _aInternet Research Skills
260 _aLONDON
_bSAGE
_c2007
300 _ax,169p
_bill.;24CM
500 _aINCLUDES BIBLIOGRAPHY AND INDEX
942 _cBK
999 _c19146
_d19146